000 00544nam a22001937a 4500
003 KOHA_MİRAKIL
005 20250422150538.0
008 250422b tu ||||| |||| 00| 0 tur d
020 _a9786258090055
040 _aTR-AnABB
_btur
_cTR-AnABB
041 _atur
082 _a813.42
_bTUF 2023
100 1 _aTufan, Tarık,
245 1 0 _aŞanzelize düğün salonu /
_cTarık Tufan
260 _aİstanbul :
_bDoğan Kitap Yayıncılık,
_c2023
300 _a275 sayfa ;
_c20 cm
650 0 4 _aTürk edebiyatı, roman
942 _2ddc
_cBK
999 _c8816
_d8816
900 _bGizem YORULMAZ